La décima espinela en el Pacífico colombiano : (Registro nro. 4052)
[ vista simple ]
| 000 -LEADER | |
|---|---|
| fixed length control field | 01310nam a2200241Ia 4500 |
| 003 - CONTROL NUMBER IDENTIFIER | |
| control field | OSt |
| 005 - DATE AND TIME OF LATEST TRANSACTION | |
| control field | 20200624154742.0 |
| 008 - FIXED-LENGTH DATA ELEMENTS--GENERAL INFORMATION | |
| fixed length control field | 191128s2011 ck a gr 000 j spa d |
| 020 ## - INTERNATIONAL STANDARD BOOK NUMBER | |
| International Standard Book Number | 9789589993521 |
| 040 ## - CATALOGING SOURCE | |
| Original cataloging agency | CO-JMCR |
| Transcribing agency | CO-JMCR |
| 041 ## - LANGUAGE CODE | |
| Language code of text/sound track or separate title | spa |
| 082 04 - DEWEY DECIMAL CLASSIFICATION NUMBER | |
| Classification number | LM / |
| Item number | FREd |
| 100 1# - MAIN ENTRY--PERSONAL NAME | |
| Personal name | Freja de la Hoz, Adrián Farid, |
| Relator term | autor |
| 9 (RLIN) | 6098 |
| 245 13 - TITLE STATEMENT | |
| Title | La décima espinela en el Pacífico colombiano : |
| Remainder of title | literatura oral y popular de Colombia / |
| Statement of responsibility, etc. | Adrián Farid Freja de la Hoz |
| 250 ## - EDITION STATEMENT | |
| Edition statement | Primera edición |
| 260 ## - PUBLICATION, DISTRIBUTION, ETC. | |
| Place of publication, distribution, etc. | Bogotá : |
| Name of publisher, distributor, etc. | Alcaldía Mayor de Bogotá : Instituto Distrital de las Artes - Idartes, |
| Date of publication, distribution, etc. | 2011 |
| 300 ## - PHYSICAL DESCRIPTION | |
| Extent | 136 páginas ; |
| Dimensions | 21 cm. |
| 500 ## - GENERAL NOTE | |
| General note | Premio Nacional de Ensayo Ciudad Bogotá. Incluye bibliografía. |
| 505 ## - FORMATTED CONTENTS NOTE | |
| Formatted contents note | La décima espinela: génesis de una tradición -- La décima y la literatura popular en el canon literario colombiano -- Oralidad y literatura en el Pacífico colombiano -- Variaciones de la décima espinela en el Pacífico colombiano -- Decimeros y personajes |
| 520 ## - SUMMARY, ETC. | |
| Summary, etc. | Este es un trabajo a todas luces importante en la recuperación de la tradición oral en Colombia. El rescate de lo popular refuerza y revitaliza el trabajo de los cultores y ayuda a reconocer y visibilizar una tradición. |
| 650 14 - SUBJECT ADDED ENTRY--TOPICAL TERM | |
| Topical term or geographic name entry element | Literatura colombiana |
| 9 (RLIN) | 6099 |
| 942 ## - ADDED ENTRY ELEMENTS (KOHA) | |
| Source of classification or shelving scheme | Dewey Decimal Classification |
| Koha item type | Books |
| Withdrawn status | Lost status | Source of classification or shelving scheme | Damaged status | Not for loan | Collection code | Home library | Current library | Date acquired | Source of acquisition | Cost, normal purchase price | Total Checkouts | Full call number | Barcode | Date last seen | Date last checked out | Copy number | Koha item type |
|---|---|---|---|---|---|---|---|---|---|---|---|---|---|---|---|---|---|
| Dewey Decimal Classification | Fiction | Biblioteca Pública José María del Castillo y Rada | Biblioteca Pública José María del Castillo y Rada | 11/28/2019 | Donación | 0.00 | 4 | LM / FREd | 201808849 | 06/06/2025 | 06/05/2025 | Ej.1 | Books |